NBA 2K24 Top 100 Players - Statistics

General Stats
  • This quiz has been taken 292 times
  • The average score is 83 of 100
Answer Stats
Club Position Overall Player % Correct
Milwaukee Bucks PF/C 96 Giannis Antetokounmpo
100%
Philadelphia 76ers C 96 Joel Embiid
100%
Los Angeles Lakers SF/PG 96 LeBron James
100%
Denver Nuggets C 98 Nikola Jokic
100%
Boston Celtics PF/SF 95 Jayson Tatum
99%
Phoenix Suns PF/SF 96 Kevin Durant
99%
Dallas Mavericks PG/SF 95 Luka Doncic
99%
Golden State Warriors PG/SG 96 Stephen Curry
99%
Los Angeles Lakers PF/C 93 Anthony Davis
98%
Portland Trail Blazers PG 94 Damian Lillard
98%
Phoenix Suns SG/PG 94 Devin Booker
98%
Memphis Grizzlies PG 92 Ja Morant
98%
Miami Heat SF/SG 95 Jimmy Butler
98%
Los Angeles Clippers SF/PF 94 Kawhi Leonard
98%
Oklahoma City Thunder PG/SG 93 Shai Gilgeous-Alexander
98%
Atlanta Hawks PG 89 Trae Young
98%
New Orleans Pelicans PF/C 90 Zion Williamson
98%
Minnesota Timberwolves SG/SF 88 Anthony Edwards
97%
Dallas Mavericks PG/SG 90 Kyrie Irving
97%
Sacramento Kings PG 88 De'Aaron Fox
96%
Cleveland Cavaliers SG/PG 92 Donovan Mitchell
96%
Denver Nuggets PG/SG 88 Jamal Murray
96%
Boston Celtics SG/SF 89 Jaylen Brown
96%
Los Angeles Clippers SF/SG 89 Paul George
96%
Atlanta Hawks PG 84 Dejounte Murray
95%
Philadelphia 76ers SG/PG 89 James Harden
95%
Charlotte Hornets PG/SG 86 LaMelo Ball
95%
Miami Heat C 87 Bam Adebayo
94%
Sacramento Kings PF/C 87 Domantas Sabonis
94%
New York Knicks PG 88 Jalen Brunson
94%
Indiana Pacers SG/PG 88 Tyrese Haliburton
94%
Milwaukee Bucks PG/SG 87 Jrue Holiday
93%
Minnesota Timberwolves C 85 Karl-Anthony Towns
93%
Golden State Warriors PG 85 Chris Paul
92%
Chicago Bulls SG/SF 86 DeMar DeRozan
92%
Chicago Bulls PG/SG 81 Lonzo Ball
92%
Chicago Bulls SG/SF 86 Zach LaVine
92%
Cleveland Cavaliers PG 86 Darius Garland
91%
Golden State Warriors SG/SF 85 Klay Thompson
91%
Memphis Grizzlies PF/C 86 Jaren Jackson Jr.
90%
Boston Celtics C 82 Robert Williams III
90%
Minnesota Timberwolves C 84 Rudy Gobert
90%
Philadelphia 76ers PG/SG 85 Tyrese Maxey
90%
Phoenix Suns SG/PG 86 Bradley Beal
89%
Detroit Pistons PG/SG 84 Cade Cunningham
89%
Golden State Warriors PF/C 83 Draymond Green
89%
Houston Rockets SG/SF 83 Jalen Green
89%
Oklahoma City Thunder SG 82 Jalen Williams
89%
San Antonio Spurs C 84 Victor Wembanyama
89%
Milwaukee Bucks SF/PF 85 Khris Middleton
88%
Milwaukee Bucks C 84 Brook Lopez
87%
Boston Celtics C/PF 86 Kristaps Porzingis
87%
Utah Jazz PF/SF 86 Lauri Markkanen
87%
Orlando Magic PF 84 Paolo Banchero
87%
Cleveland Cavaliers C 83 Jarrett Allen
86%
Toronto Raptors PF/C 86 Pascal Siakam
86%
New Orleans Pelicans SF/PF 85 Brandon ingram
85%
Cleveland Cavaliers PF/C 85 Evan Mobley
85%
Denver Nuggets PF/SF 84 Aaron Gordon
84%
New York Knicks PF/C 85 Julius Randle
84%
Miami Heat SG/PG 83 Tyler Herro
82%
Denver Nuggets SF/SG 83 Michael Porter Jr.
81%
Chicago Bulls C 84 Nikola Vucevic
81%
Memphis Grizzlies SF/SG 84 Desmond Bane
80%
Brooklyn Nets SF/PF 86 Mikal Bridges
80%
Toronto Raptors PF/SF 83 Scottie Barnes
80%
Phoenix Suns C 83 Deandre Ayton
79%
Boston Celtics SG/PG 82 Derrick White
79%
New Orleans Pelicans SG/PG 84 C.J. McCollum
77%
Washington Wizards SG/PG 82 Jordan Poole
76%
Washington Wizards SF/PF 83 Kyle Kuzma
76%
Boston Celtics C/PF 82 Al Horford
75%
Los Angeles Lakers SG 82 Austin Reaves
75%
Atlanta Hawks C 82 Clint Capela
75%
Indiana Pacers C 83 Myles Turner
75%
Orlando Magic SF/PF 82 Franz Wagner
74%
Golden State Warriors SF/SG 82 Andrew Wiggins
73%
Portland Trail Blazers PG/SG 83 Anfernee Simmons
72%
Los Angeles Lakers PG/SG 82 D'Angelo Russell
71%
New Orleans Pelicans C 83 Jonas Valanciunas
71%
Brooklyn Nets C/PF 84 Nicolas Claxton
71%
Memphis Grizzlies SG/PG 82 Marcus Smart
70%
Houston Rockets C/PF 83 Alperen Sengun
69%
Houston Rockets SG/PG 83 Fred VanVleet
69%
Oklahoma City Thunder SG/PG 83 Josh Giddey
69%
Portland Trail Blazers C 81 Jusuf Nurkic
67%
Los Angeles Clippers PG/SG 81 Russell Westbrook
67%
Philadelphia 76ers PF/SF 81 Tobias Harris
67%
New York Knicks C 82 Mitchell Robinson
66%
Milwaukee Bucks C/PF 82 Bobby Portis
63%
Utah Jazz C 83 Walker Kessler
62%
Brooklyn Nets PF/SF 81 Cameron Johnson
61%
Toronto Raptors SF/PF 82 OG Anunoby
61%
New York Knicks SF/SG 82 R.J. Barrett
61%
Portland Trail Blazers PF/SF 81 Jerami Grant
56%
Sacramento Kings SG/PG 82 Malik Monk
53%
Orlando Magic C 81 Wendell Carter Jr.
52%
San Antonio Spurs SF/SG 81 Devin Vassell
51%
Boston Celtics PG/SG 83 Malcolm Brogdon
48%
Detroit Pistons PF/SF 82 Bojan Bogdanovic
39%
No matching quizzes found
Score Distribution
Percent of People with Each Score
Percentile by Number Answered
Your Score History
You have not taken this quiz